Το Βυζάντιο και η νεώτερη τέχνη : η πρόσληψη της βυζαντινής τέχνης στην ελληνική ζωγραφική του α' μισού του 20ού αιώνα : κατάλογος έκθεσης Φθινόπωρο 2009 - Άνοιξη 2010
Αποθηκεύτηκε σε:
| Συγγραφή απο Οργανισμό/Αρχή: | |
|---|---|
| Μορφή: | Βιβλίο |
| Γλώσσα: | Greek |
| Δημοσίευση: |
[Αθήνα] :
Βυζαντινό & Χριστιανικό Μουσείο,
[2010;]
|
| Θέματα: | |
| Ετικέτες: |
Προσθήκη ετικέτας
Δεν υπάρχουν, Καταχωρήστε ετικέτα πρώτοι!
|
MARC
| LEADER | 00000cam a2200000 i 4500 | ||
|---|---|---|---|
| 001 | 1/9139 | ||
| 008 | 100709s2010 gre d | ||
| 020 | |a 978-960-214-867-9 | ||
| 035 | |l 10108520 | ||
| 040 | |a GR-MY-UA |b gre |e aacr | ||
| 041 | 0 | |a gre | |
| 082 | 0 | |a 708.495 |2 (22) | |
| 110 | 2 | |a Βυζαντινό και Χριστιανικό Μουσείο (Αθήνα) | |
| 245 | 1 | 3 | |a Το Βυζάντιο και η νεώτερη τέχνη : |b η πρόσληψη της βυζαντινής τέχνης στην ελληνική ζωγραφική του α' μισού του 20ού αιώνα : κατάλογος έκθεσης Φθινόπωρο 2009 - Άνοιξη 2010 / |c Υπουργείο Πολιτισμού & Τουρισμού - Βυζαντινό & Χριστιανικό Μουσείο |
| 260 | |a [Αθήνα] : |b Βυζαντινό & Χριστιανικό Μουσείο, |c [2010;] | ||
| 300 | |a 178 σ.; |b έγχρ. εικ.; |c 24 εκ. | ||
| 650 | 0 | 0 | |a Art, Byzantine |z Greece |z Exhibitions. |
| 650 | 0 | 0 | |a Art, Byzantine |z Greece |z Athens |x Collections. |
| 651 | 0 | |a Greece |x Antiquities, Byzantine |x Catalogs. | |
| 852 | |a INST |b RHODES |e 20100709 |h 708.495 ΒΥΖ |p 005400032823 |q 005400032823 |t BK |y 0 | ||
| 901 | |a BIBL4-2010-2 | ||
| 909 | |a Ρ |b 163292 | ||
| 970 | |a ΚΟΖΑ |b ΜΑΡΙΑ |z 2010/07/09 | ||